| 000 | 00998cam a2200205 4500 | ||
|---|---|---|---|
| 001 | WB3806-32 | ||
| 008 | 020212n2002 000 0 eng u | ||
| 035 | _a(Sirsi) u116701 | ||
| 245 | _aLondon gets down to business | ||
| 260 | _c2002 | ||
| 490 |
_aLondon First Centre News Release _v6 February 2002, (1) |
||
| 520 | _aLondon First has launched a business task force to tackle regeneration in London. London First Regeneration Task Force provides an opportunity for the business community to help deliver regeneration initiatives over a two year trial period. The task force also aims to influence policymakers on key issues affecting regeneration such as affordable housing, transport, planning and training. http://www.lfc.co.uk/lfc/press_centre/newsreleasedetail.asp?L2=40&NewsReleaseId=1341 | ||
| 590 | _aWB | ||
| 650 | _aLONDON FIRST | ||
| 650 | _aURBAN REGENERATION | ||
| 650 | _aBUSINESS COMMUNITY | ||
| 650 | _aREGENERATION PROJECTS | ||
| 690 | _aREGENERATION | ||
| 942 | _n0 | ||
| 999 |
_c69507 _d69507 |
||